[Event "Longtou Cup 2nd"]
[Site "Qinhuangdao"]
[Date "2019.04.18"]
[Round "3"]
[White "Khvostikov, Sergey"]
[Black "Buynitskiy, Daniil"]
[Result "1/2-1/2"]
[WhiteElo "2192"]
[BlackElo "2095"]
[PlyCount "54"]
[EventDate "2019.04.16"]
[EventType "swiss"]
[EventRounds "9"]
[EventCountry "CHN"]
[SourceTitle "CBM 190 Extra"]
[Source "ChessBase"]
[SourceDate "2019.07.15"]
[SourceVersion "1"]
[SourceVersionDate "2019.07.15"]
[SourceQuality "1"]

1. d4 Nf6 2. c4 c5 3. d5 e6 4. Nc3 exd5 5. cxd5 d6 6. Nf3 g6 7. Nd2 Bg7 8. e4 a6 9. a4 0-0 10. Bd3 Nbd7 11. 0-0 Ne5 12. Bc2 g5 13. Nf3 Nxf3+ 14. Qxf3 Ng4 15. Qg3 h5 16. h3 h4 17. Qf3 Ne5 18. Qh5 g4 19. Kh2 gxh3 20. gxh3 Qd7 21. Qf5 Qe7 22. Qf4 Qd7 23. Qe3 Nc4 24. Qd3 Ne5 25. Qe3 Nc4 26. Qd3 Ne5 27. Qe3 Nc4 1/2-1/2